• 首页
  • 本馆介绍
  • 公告通知
  • 最新文献
  • 馆藏检索
  • 电子资源
  • 读者导购
  • 参考咨询
  • 我的图书馆
  • 登录
  • 详细信息显示
  • 放入我的书架
  • 预约/预借图书
  • 作者相关作品
  • 分类相关作品
  • 丛书相关作品
  • 出版社相关作品

书目信息

  • 表格格式
  • 工作单格式
  • 卡片格式
题名:
木工技术入门
    
 
作者: 沈华 编著
分册:  
出版信息: 香港   香港万里书店出版  
页数: 142页
开本: 20cm
丛书名:
单 册:
中图分类: TS65
科图分类:
主题词: 木材加工
电子资源:
ISBN:
000 00504nam0 2200193 450
001 0656132431
005 20060815153712.32
010    @dCNY0.45
091    @a15042.1632
100    @a20060815d km y0chiy0120 ea
101 0  @achi
200 1  @a木工技术入门@Amu gong ji shu ru men@f沈华 编著@Fshen hua bian zhu
210    @a香港@c香港万里书店出版
215    @a142页@d20cm
606 0  @a木材加工
690    @aTS65@v3
701  0 @a沈华@Ashen hua@4编著
801  0 @aCN@bPFT@c20060815
905    @a10447@dTS65@e43
    
    木工技术入门/沈华 编著.-香港:香港万里书店出版
    142页;20cm
    
    
    ISBN :CNY0.45
    
●
相关链接 在E读中查询图书 在五车中查询图书 在当当中查询图书 在豆瓣中查询图书


正题名:木工技术入门     索取号:TS65/43         预约/预借

序号 登录号 条形码 馆藏地/架位号 状态 备注
1 0458566   204585662   密集书库/ [索取号:TS65/43] 在馆    
唐山师范学院图书馆 欢迎您!
大连网信软件有限公司© 版权所有